| 000 | 00767nam a2200253Ia 4500 | ||
|---|---|---|---|
| 003 | OSt | ||
| 005 | 20221005112748.0 | ||
| 006 | a|||||r|||| 00| 0 | ||
| 007 | ta | ||
| 008 | 221004b |||||||| |||| 00| 0 pan d | ||
| 024 | _a117567 | ||
| 037 | _cTextual | ||
| 040 |
_aCRL _cCRL _bpan |
||
| 041 |
_2pan _apan |
||
| 082 | _aQ8441:21x, 153P4 | ||
| 100 | _aਗਿੱਲ, ਮਹਿੰਦਰ ਕੌਰ | ||
| 245 | 0 | _aਆਸਾ ਦੀ ਵਾਰ | |
| 260 |
_aਦਿੱਲੀ _bਆਰਸੀ ਪਬਲਿਰਗ਼ ਭਾਰਤ _c2004 |
||
| 300 |
_a104ਪੰ _ccm. |
||
| 650 | _a ਧOਰੁ Fਸੱਢ | ||
| 650 | _aਧਰਮ | ||
| 942 |
_hQ8441:21x, 153P4 _cTEXL _2cc |
||
| 999 |
_c1025896 _d1025896 |
||